LEADER 01606nam a2200301 i 4500 001 000000172117 003 CaOOAMICUS 005 20080609000000.0 008 080609s1997 it u000 u ita u 013 $a149555 020 $a88-7030-496-5 040 $aSeMil$bita 100 1 $aAssociazione Docenti Italiani di Filosofia .$0(OLS)http://semarc/name/2111 245 10$aAntropologia e bioetica :$bricerca interdisciplinare sull'enigma uomo : atti del 16. Convegno nazionale dell'A.D.I.F., Manoppello, 6-8 settembre 1996 /$cF. Bellino ... [et al.] ; a cura di Battista Mondin. 260 $aMilano :$bMassimo,$c1997. 300 $a255 p. ;$c20 cm. 490 0 $aProblemi del nostro tempo ;$v97 500 $aNumero di collana in occhietto, erroneamente: 96. 650 4$aBioetica - Atti di congressi.$0(OLS)http://semarc/subject/693 700 1 $aBellino, Francesco <1947- >.$0(OLS)http://semarc/name/19680 700 1 $aMondin, Battista,$c.$0(OLS)http://semarc/name/767 830 0$aProblemi del nostro tempo ;$v97.$0(OLS)http://semarc/title/7322 850 $aSeMil 852 $aSeMil$W1$xVenegono$y1$m2E I 467$j122979$B122979$CSeMilBibl$Z2$F134520 $81 961 $aOmaggio: Biblioteca Ambrosiana 996 $6020$a88-7030-496-5$9(OLS)http://semarc/number/159433 996 $6245$aAntropologia e bioetica :$bricerca interdisciplinare sull'enigma uomo : atti del 16. Convegno nazionale dell'A.D.I.F., Manoppello, 6-8 settembre 1996$9(OLS)http://semarc/title/246397 996 $6260$aMilano :$bMassimo$9(OLS)http://semarc/publisher/30297 LEADER 01500nam a2200289 4500 001 000000347771 003 CaOOAMICUS 005 20210910113132.0 008 210910s1978 xxua 000 u eng r 020 $a0-664-21384-7 040 $aSeMil$bita 100 1 $aAharoni, Yohanan,$d<1919-1976>.$0(OLS)http://semarc/name/47919 240 10$aArkheologyah shel Erets Yisrael.$0(OLS)http://semarc/title/437074 245 14$aThe archaeology of the land of Israel :$b from the prehistoric beginnings to the end of the First Temple period /$cby Yohanan Aharoni ; edited by Miriam Aharoni ; translated by Anson F. Rainey. 264 1$aPhiladelphia :$bThe Westminster Press,$c1978. 300 $axvii, 344 p. :$bill. ;$c23 cm 504 $aBibliography, p. 297-300 650 4$aArcheologia biblica.$0(OLS)http://semarc/subject/4684 650 4$aPalestina - Archeologia.$0(OLS)http://semarc/subject/862 700 1 $aAharoni, Miriam.$0(OLS)http://semarc/name/114642 700 1 $aRainey, Anson F.$0(OLS)http://semarc/name/113800 850 $aSeMil 852 $aSeMil$W1$xVenegono$y1$m2Y III 284$j228926$B238825$CSeMilBibl$Z2$F238825 $81 996 $6020$a0-664-21384-7$9(OLS)http://semarc/number/294082 996 $6245$aThe archaeology of the land of Israel :$b from the prehistoric beginnings to the end of the First Temple period$9(OLS)http://semarc/title/437073 996 $6264$aPhiladelphia :$bThe Westminster Press$9(OLS)http://semarc/publisher/36189